000 00807nam a2200241Ia 4500
001 15323
003 GE_BSU
008 181216s||||||||xx |||||||||||||| ||und||
040 _cGE_BSU
080 _a821.353.1-31
100 _aყურაშვილი,ავთანდილ
245 _aცდომილთა დღესასწაული
245 _bრომანი
245 _cრედ.ჯ.ჯანხოთელი.მხატვ.ო.ქანთარია
250 _a1 გამოც.
260 _aქუთაისი
260 _bსაბჭოთა საქართველო
260 _c1986
300 _a330გვ.20სმ.
653 _aრომანი
653 _aცდომილთა დღესასწაული
942 _cBK
999 _c48431
_d48431